000 00586nam a2200205Ia 4500
005 20250508160754.0
008 008 250505s9999 xx 000 0 eng d
037 _aTextual
040 _aFEDL
_beng
_cFEDL
041 _aeng
_2eng
084 _a400, OPE
_qFEDL
245 0 _aLanguage in education; A source book
245 0 _cOpen University. Language and Learning Course Team
260 _aLondon, UK
_bRoutledge and Kegan Paul Ltd
_c1972
300 _ax,254p
365 _aGBP
_b5.5
650 _aLanguage
942 _cTEXL
_h400, OPE
999 _c1366534
_d1366534